[Event "47th POL-ch"]
[Site "Warsaw POL"]
[Date "1990.03.??"]
[Round "1"]
[White "Przewoznik, Jan"]
[Black "Gdanski, Jacek"]
[Result "1-0"]
[WhiteElo "2415"]
[BlackElo "2430"]
[PlyCount "79"]
[EventDate "1990.03.11"]

1. Nf3 c5 2. c4 Nc6 3. d4 cxd4 4. Nxd4 Nf6 5. Nc3 Qb6 6. Nc2 e6 7. e3 Be7 8.
Be2 O-O 9. O-O a6 10. e4 d6 11. b3 Qc7 12. Be3 b6 13. Rc1 Ne5 14. Nd4 Bb7 15.
f3 Rac8 16. Qe1 Qb8 17. Qf2 Bd8 18. Rfd1 Bc7 19. Kh1 Kh8 20. b4 Rg8 21. Nb3
Ned7 22. g4 g5 23. h4 gxh4 24. Qxh4 d5 25. cxd5 Bg3 26. Qh3 Rxc3 27. Rxc3 exd5
28. g5 Be5 29. Nd4 dxe4 30. Nc6 exf3 31. Bxf3 Qe8 32. Nxe5 Qxe5 33. Bxb7 Qxc3
34. gxf6 Nf8 35. Qh6 Qxb4 36. Rg1 Ng6 37. Rg5 Qe1+ 38. Bg1 Qd1 39. Bd5 Qf1 40.
Qxh7+ 1-0

[Event "47th POL-ch"]
[Site "Warsaw POL"]
[Date "1990.03.??"]
[Round "1"]
[White "Dejkalo, Stefan"]
[Black "Schmidt, Wlodzimierz"]
[Result "1/2-1/2"]
[WhiteElo "2410"]
[BlackElo "2465"]
[PlyCount "122"]
[EventDate "1990.03.11"]

1. c4 g6 2. Nc3 c5 3. g3 Bg7 4. Bg2 Nc6 5. a3 a6 6. Rb1 Rb8 7. b4 cxb4 8. axb4
b5 9. cxb5 axb5 10. Nf3 e5 11. d4 exd4 12. Nd5 Nf6 13. Bg5 h6 14. Nxf6+ Bxf6
15. Bxf6 Qxf6 16. Qd2 Kf8 17. O-O Kg7 18. Rfd1 Bb7 19. Nxd4 Nxd4 20. Qxd4 Qxd4
21. Rxd4 Bxg2 22. Kxg2 Rb7 23. Rc1 Ra8 24. Kf3 Ra2 25. Rcd1 Rb2 26. R1d2 Rb3+
27. R2d3 Rb2 28. Rd2 Rb3+ 29. Ke4 Rc7 30. Kd5 Rbc3 31. Re4 h5 32. h4 R3c4 33.
Rxc4 Rxc4 34. Rd4 Rc2 35. Re4 Rc6 36. Rf4 Kf8 37. e3 Ke7 38. Re4+ Kd8 39. f3 f5
40. Rf4 Rc3 41. Kd4 Rb3 42. Kc5 Rxe3 43. Kxb5 Rc3 44. Kb6 Rc6+ 45. Ka5 Kc7 46.
Kb5 Rb6+ 47. Kc5 Rc6+ 48. Kd4 Rd6+ 49. Ke3 Re6+ 50. Kd3 Re1 51. Rc4+ Kb7 52.
Kd2 Re6 53. Rc3 Kb6 54. Rc5 Re8 55. Ra5 Re6 56. Rd5 Kc6 57. Rc5+ Kb6 58. Rc4
Kb7 59. Rd4 Kc7 60. Rd5 Kc6 61. Ra5 Kb6 1/2-1/2

[Event "47th POL-ch"]
[Site "Warsaw POL"]
[Date "1990.03.??"]
[Round "1"]
[White "Jasnikowski, Zbigniew"]
[Black "Pedzich, Dominik"]
[Result "1/2-1/2"]
[WhiteElo "2445"]
[BlackElo "2405"]
[PlyCount "53"]
[EventDate "1990.03.11"]

1. d4 Nf6 2. c4 g6 3. Nf3 Bg7 4. g3 c6 5. Bg2 O-O 6. O-O d5 7. cxd5 cxd5 8. Nc3
Ne4 9. Ne5 Nxc3 10. bxc3 Nc6 11. Nxc6 bxc6 12. Qa4 Be6 13. Rb1 Qd7 14. Qa6 Rfc8
15. Bf4 Bf5 16. Rb7 Qe8 17. Qa3 Bf6 18. Re1 Qd8 19. f3 g5 20. Bc1 e6 21. e4 Bg6
22. Be3 a5 23. h3 h6 24. Reb1 Rc7 25. Bf2 Be7 26. Qb2 Bd6 27. Qe2 1/2-1/2

[Event "47th POL-ch"]
[Site "Warsaw POL"]
[Date "1990.03.??"]
[Round "1"]
[White "Kuczynski, Robert"]
[Black "Cichocki, Adam"]
[Result "1/2-1/2"]
[WhiteElo "2460"]
[BlackElo "2335"]
[PlyCount "78"]
[EventDate "1990.03.11"]

1. e4 e6 2. d4 d5 3. Nc3 Nf6 4. e5 Nfd7 5. f4 c5 6. Nf3 Nc6 7. Be3 cxd4 8. Nxd4
Bc5 9. Qd2 Bxd4 10. Bxd4 Nxd4 11. Qxd4 Qb6 12. Qxb6 Nxb6 13. O-O-O Bd7 14. Bd3
Ke7 15. Rhe1 h5 16. Ne2 a6 17. Nd4 g6 18. Kb1 Rac8 19. b3 Rc7 20. g3 Nc8 21. h3
Na7 22. Kb2 Nc6 23. Nf3 Rhc8 24. Rd2 Na7 25. Nd4 Nc6 26. Nxc6+ Bxc6 27. Be2 Bb5
28. Bxb5 axb5 29. Re3 b4 30. Ree2 Rc3 31. Rg2 h4 32. gxh4 Rxh3 33. Rd4 Rxh4 34.
Rxb4 Rc7 35. a4 Rh3 36. Rd4 Rcc3 37. Rb4 Rc7 38. Rd2 Re3 39. Rg2 Rh3 1/2-1/2

[Event "47th POL-ch"]
[Site "Warsaw POL"]
[Date "1990.03.??"]
[Round "1"]
[White "Nowak, Ignacy"]
[Black "Bany, Jerzy"]
[Result "1/2-1/2"]
[WhiteElo "2405"]
[BlackElo "2450"]
[PlyCount "39"]
[EventDate "1990.03.11"]

1. c4 f5 2. d4 Nf6 3. g3 g6 4. Nf3 Bg7 5. Bg2 O-O 6. O-O d6 7. Nc3 c6 8. b3 Qa5
9. Bd2 Qc7 10. Rc1 e5 11. d5 Na6 12. a3 Nc5 13. Ng5 h6 14. b4 Na6 15. Nf3 e4
16. Nd4 Ng4 17. e3 Ne5 18. Qb3 Kh7 19. f3 exf3 20. Nxf3 1/2-1/2

[Event "47th POL-ch"]
[Site "Warsaw POL"]
[Date "1990.03.??"]
[Round "1"]
[White "Stempin, Pawel"]
[Black "Pyda, Zbigniew"]
[Result "1-0"]
[WhiteElo "2445"]
[BlackElo "2315"]
[PlyCount "45"]
[EventDate "1990.03.11"]

1. d4 d6 2. e4 Nf6 3. Nc3 e5 4. dxe5 dxe5 5. Qxd8+ Kxd8 6. Bg5 Be6 7. O-O-O+
Nbd7 8. f4 exf4 9. Nf3 h6 10. Bxf4 Bb4 11. Nb5 Ba5 12. Ne5 Bb6 13. Bc4 Bxc4 14.
Nxc4 Rc8 15. e5 Nh5 16. Bd2 g5 17. Rhf1 Rh7 18. e6 fxe6 19. Bxg5+ hxg5 20. Rf8+
Ke7 21. Rxc8 Nf4 22. Nxb6 cxb6 23. Rxd7+ 1-0

[Event "47th POL-ch"]
[Site "Warsaw POL"]
[Date "1990.03.??"]
[Round "1"]
[White "Woda, Jacek"]
[Black "Zolnierowicz, Krzysztof"]
[Result "1/2-1/2"]
[WhiteElo "2390"]
[BlackElo "2400"]
[PlyCount "52"]
[EventDate "1990.03.11"]

1. e4 e5 2. Nf3 Nc6 3. Bb5 g6 4. O-O Bg7 5. c3 Nge7 6. d4 O-O 7. d5 a6 8. Bc4
Na7 9. d6 cxd6 10. Qxd6 Nb5 11. Bxb5 axb5 12. Na3 Ra6 13. Qd3 d5 14. exd5 Rd6
15. Nxb5 Rxd5 16. Qc4 Bf5 17. Ne1 Qd7 18. a4 Rd1 19. Nf3 Rxf1+ 20. Qxf1 Bd3 21.
Qe1 Bxb5 22. axb5 Qxb5 23. b4 Nc6 24. Be3 e4 25. Nd4 Nxd4 26. Bxd4 Bxd4 1/2-1/2

[Event "47th POL-ch"]
[Site "Warsaw POL"]
[Date "1990.03.??"]
[Round "2"]
[White "Pyda, Zbigniew"]
[Black "Kuczynski, Robert"]
[Result "1/2-1/2"]
[WhiteElo "2315"]
[BlackElo "2460"]
[PlyCount "41"]
[EventDate "1990.03.11"]

1. e4 Nc6 2. d4 e5 3. Nf3 exd4 4. Bc4 Nf6 5. e5 d5 6. Bb5 Ne4 7. Nxd4 Bd7 8.
Bxc6 bxc6 9. O-O Bc5 10. f3 Ng5 11. Be3 O-O 12. f4 Ne4 13. Nd2 f5 14. Nxe4 fxe4
15. Qd2 Qe7 16. Nb3 Bb6 17. Qc3 g5 18. fxg5 Bxe3+ 19. Qxe3 Qxe5 20. c3 Rae8 21.
Nc5 1/2-1/2

[Event "47th POL-ch"]
[Site "Warsaw POL"]
[Date "1990.03.??"]
[Round "2"]
[White "Bany, Jerzy"]
[Black "Woda, Jacek"]
[Result "1/2-1/2"]
[WhiteElo "2450"]
[BlackElo "2390"]
[PlyCount "40"]
[EventDate "1990.03.11"]

1. Nf3 d6 2. d4 Bg4 3. g3 Bxf3 4. exf3 d5 5. c4 e6 6. Nc3 c6 7. f4 Nf6 8. Qb3
Qc7 9. f5 exf5 10. cxd5 Qb6 11. Qc2 Be7 12. Bg2 O-O 13. O-O cxd5 14. Qxf5 Nc6
15. Be3 Rad8 16. Rab1 Nxd4 17. Qd3 Nf3+ 18. Bxf3 d4 19. Bg5 dxc3 20. Qxc3 Ne4
1/2-1/2

[Event "47th POL-ch"]
[Site "Warsaw POL"]
[Date "1990.03.??"]
[Round "2"]
[White "Cichocki, Adam"]
[Black "Jasnikowski, Zbigniew"]
[Result "1/2-1/2"]
[WhiteElo "2335"]
[BlackElo "2445"]
[PlyCount "38"]
[EventDate "1990.03.11"]

1. d4 Nf6 2. Nf3 g6 3. c4 Bg7 4. Nc3 d5 5. Bg5 Ne4 6. Bf4 c6 7. e3 O-O 8. Bd3
Nxc3 9. bxc3 dxc4 10. Bxc4 Nd7 11. Bb3 e5 12. dxe5 Qa5 13. O-O Nxe5 14. Nxe5
Bxe5 15. Bxe5 Qxe5 16. Qd4 Qe7 17. Rfd1 Bf5 18. Qd6 Qxd6 19. Rxd6 Rad8 1/2-1/2

[Event "47th POL-ch"]
[Site "Warsaw POL"]
[Date "1990.03.??"]
[Round "2"]
[White "Gdanski, Jacek"]
[Black "Dejkalo, Stefan"]
[Result "1-0"]
[WhiteElo "2430"]
[BlackElo "2410"]
[PlyCount "74"]
[EventDate "1990.03.11"]

1. e4 e5 2. Nc3 Nf6 3. Bc4 Nc6 4. d3 Na5 5. Nge2 d6 6. O-O Be7 7. Ng3 O-O 8. f4
exf4 9. Bxf4 c6 10. Bb3 Nxb3 11. axb3 Bg4 12. Qd2 Nh5 13. h3 Nxg3 14. Bxg3 Be6
15. d4 d5 16. exd5 cxd5 17. Ne2 Qb6 18. Kh2 a6 19. Rf3 Rac8 20. Raf1 Rfe8 21.
Qd1 f6 22. c3 Bf7 23. R3f2 a5 24. Kh1 g5 25. Be5 Rc6 26. c4 Rf8 27. Bh2 Qd8 28.
Nc3 Kg7 29. cxd5 Bxd5 30. Rf5 Be6 31. Rb5 Bc8 32. d5 Ra6 33. d6 Bxd6 34. Rd5
Be6 35. Rxd6 Rxd6 36. Qxd6 Qxd6 37. Bxd6 Rf7 1-0

[Event "47th POL-ch"]
[Site "Warsaw POL"]
[Date "1990.03.??"]
[Round "2"]
[White "Strzelecki, Krzysztof"]
[Black "Schmidt, Wlodzimierz"]
[Result "1/2-1/2"]
[WhiteElo "2415"]
[BlackElo "2465"]
[PlyCount "34"]
[EventDate "1990.03.11"]

1. e4 e6 2. d4 d5 3. exd5 exd5 4. c4 Nf6 5. Nc3 Bb4 6. Bd3 dxc4 7. Bxc4 O-O 8.
Nge2 Nbd7 9. O-O Nb6 10. Bb3 c6 11. Qd3 Nbd5 12. Bg5 Be7 13. Rfe1 Be6 14. Qf3
Qd7 15. h3 Rfe8 16. Rad1 h6 17. Bc1 Rad8 1/2-1/2

[Event "47th POL-ch"]
[Site "Warsaw POL"]
[Date "1990.03.??"]
[Round "2"]
[White "Sznapik, Aleksander"]
[Black "Stempin, Pawel"]
[Result "0-1"]
[WhiteElo "2485"]
[BlackElo "2445"]
[PlyCount "176"]
[EventDate "1990.03.11"]

1. e4 e5 2. Nf3 Nc6 3. Bb5 a6 4. Ba4 Nf6 5. O-O Be7 6. Re1 b5 7. Bb3 O-O 8. d3
Bb7 9. Nbd2 Re8 10. c3 Bf8 11. a4 h6 12. h3 d6 13. Nh2 Nb8 14. axb5 axb5 15.
Rxa8 Bxa8 16. Ndf1 Nbd7 17. Ng3 Nc5 18. Bc2 d5 19. Qf3 Re6 20. Ng4 Nxg4 21.
Qxg4 Bb7 22. Nf5 Rg6 23. Qf3 Ne6 24. h4 c5 25. g3 Rf6 26. g4 g6 27. Qg3 gxf5
28. gxf5+ Ng7 29. Kh2 c4 30. d4 dxe4 31. dxe5 Rxf5 32. Bxh6 Qb6 33. Be3 Qg6 34.
Bg5 Rf3 35. Qxf3 exf3 36. Bxg6 fxg6 37. e6 Bd6+ 38. Kg1 Bc8 39. Rd1 Nf5 40. Rd5
Bxe6 41. Rxb5 Kf7 42. Rb7+ Ke8 43. Ra7 Bd5 44. Ra5 Be4 45. Ra7 Bd3 46. Bf6 Nh6
47. Bd4 Ng4 48. Ra8+ Kd7 49. Ra7+ Kc6 50. Ra6+ Kc7 51. Ra7+ Kc8 52. Ra8+ Kb7
53. Ra7+ Kb8 54. Rf7 Bc7 55. Bc5 Kc8 56. Bd4 Bh2+ 57. Kh1 Kd8 58. Bc5 Be5 59.
Kg1 Ke8 60. Re7+ Kd8 61. Rf7 Be2 62. h5 gxh5 63. Rf5 Kd7 64. Rxh5 Ke6 65. Bd4
Bxd4 66. cxd4 Nf6 67. Ra5 Nd5 68. Kh2 Nf4 69. Kg3 Nd3 70. Rb5 Kd6 71. Rb8 Kc7
72. Rb5 Bd1 73. d5 Kd6 74. Rb8 Kxd5 75. Rd8+ Ke4 76. Re8+ Ne5 77. Rd8 Be2 78.
Re8 Kd4 79. Rd8+ Kc5 80. Rc8+ Kd5 81. Rd8+ Kc6 82. Rc8+ Kd6 83. Rd8+ Kc7 84.
Rd2 Nd3 85. Rc2 Nc5 86. Kf4 Kc6 87. Ke3 Kb5 88. Kd4 Kb4 0-1

[Event "47th POL-ch"]
[Site "Warsaw POL"]
[Date "1990.03.??"]
[Round "2"]
[White "Zolnierowicz, Krzysztof"]
[Black "Przewoznik, Jan"]
[Result "1-0"]
[WhiteElo "2400"]
[BlackElo "2415"]
[PlyCount "99"]
[EventDate "1990.03.11"]

1. e4 e6 2. d3 d5 3. Nd2 c5 4. g3 Nc6 5. Bg2 Nf6 6. Ngf3 Be7 7. O-O O-O 8. Re1
a5 9. a4 dxe4 10. dxe4 Nb4 11. Bf1 b6 12. Ne5 Qc7 13. Ndc4 Rd8 14. Bd2 Bb7 15.
c3 Nxe4 16. cxb4 Nxd2 17. Nxd2 Bg5 18. f4 Be7 19. b5 c4 20. Bg2 Bb4 21. Re2
Qc5+ 22. Kh1 Bxg2+ 23. Kxg2 Qd4 24. Nef3 Qxb2 25. Qc1 Qxc1 26. Rxc1 c3 27. Nb1
Rac8 28. Rec2 Rc5 29. Ne5 f6 30. Nc6 Rd3 31. Kf1 Rh5 32. Ke2 Rd7 33. h4 g5 34.
hxg5 fxg5 35. Nxc3 gxf4 36. gxf4 Rh2+ 37. Ke3 Bc5+ 38. Ke4 Rdd2 39. Rxd2 Rxd2
40. Ke5 Ba3 41. Rd1 Rc2 42. Ne4 Rc4 43. Ng5 Bb2+ 44. Nd4 Rxa4 45. Ngxe6 Rb4 46.
Rg1+ Kh8 47. Kd5 Ra4 48. Nf5 h5 49. Nh6 Ba3 50. Nf7+ 1-0

[Event "47th POL-ch"]
[Site "Warsaw POL"]
[Date "1990.03.??"]
[Round "3"]
[White "Przewoznik, Jan"]
[Black "Bany, Jerzy"]
[Result "1-0"]
[WhiteElo "2415"]
[BlackElo "2450"]
[PlyCount "65"]
[EventDate "1990.03.11"]

1. e4 e6 2. d4 d5 3. Nc3 Bb4 4. exd5 exd5 5. Bd3 Nc6 6. Nge2 Bg4 7. f3 Bh5 8.
O-O Bg6 9. Ng3 Nge7 10. f4 f5 11. Nb1 h5 12. h4 Bd6 13. c3 Qd7 14. Nd2 Ng8 15.
Nf3 Nf6 16. Ne5 Bxe5 17. fxe5 Ne4 18. Nxe4 fxe4 19. Bb5 O-O-O 20. Bg5 Rdf8 21.
Qa4 Qe6 22. Bxc6 bxc6 23. Qxa7 Kd7 24. Qa6 Qg4 25. Rxf8 Rxf8 26. Rf1 Rxf1+ 27.
Qxf1 Bf5 28. Qa6 e3 29. Qa8 Bb1 30. Qg8 c5 31. Qxd5+ Kc8 32. Qa8+ Kd7 33. d5
1-0

[Event "47th POL-ch"]
[Site "Warsaw POL"]
[Date "1990.03.??"]
[Round "3"]
[White "Dejkalo, Stefan"]
[Black "Zolnierowicz, Krzysztof"]
[Result "1/2-1/2"]
[WhiteElo "2410"]
[BlackElo "2400"]
[PlyCount "27"]
[EventDate "1990.03.11"]

1. d4 Nf6 2. c4 e6 3. Nf3 Bb4+ 4. Nbd2 d5 5. a3 Be7 6. g3 O-O 7. Bg2 c5 8. cxd5
exd5 9. dxc5 Bxc5 10. O-O Re8 11. b4 Bb6 12. Nb3 Nc6 13. Bb2 Ne4 14. Rc1
1/2-1/2

[Event "47th POL-ch"]
[Site "Warsaw POL"]
[Date "1990.03.??"]
[Round "3"]
[White "Jasnikowski, Zbigniew"]
[Black "Pyda, Zbigniew"]
[Result "1-0"]
[WhiteElo "2445"]
[BlackElo "2315"]
[PlyCount "65"]
[EventDate "1990.03.11"]

1. d4 d6 2. Nf3 f5 3. c4 Nf6 4. Nc3 g6 5. g3 Bg7 6. Bg2 O-O 7. O-O Nc6 8. d5
Ne5 9. Nxe5 dxe5 10. Qb3 h6 11. e4 f4 12. gxf4 Nh5 13. fxe5 e6 14. f4 Qh4 15.
Ne2 exd5 16. cxd5 Bg4 17. Ng3 g5 18. Nxh5 Qxh5 19. h3 Be2 20. Rf2 gxf4 21. Bxf4
Kh8 22. Qe3 Bb5 23. e6 Rae8 24. a4 Ba6 25. Bxc7 Rxf2 26. Qxf2 Rf8 27. Qd2 Qg6
28. Ba5 Rg8 29. Bc3 Kh7 30. Rc1 b6 31. Kh1 Bxc3 32. Rxc3 Rg7 33. Qf2 1-0

[Event "47th POL-ch"]
[Site "Warsaw POL"]
[Date "1990.03.??"]
[Round "3"]
[White "Kuczynski, Robert"]
[Black "Sznapik, Aleksander"]
[Result "1-0"]
[WhiteElo "2460"]
[BlackElo "2485"]
[PlyCount "79"]
[EventDate "1990.03.11"]

1. e4 d6 2. d4 Nf6 3. Nc3 g6 4. Nf3 Bg7 5. h3 O-O 6. Be3 c6 7. a4 d5 8. e5 Ne4
9. Nxe4 dxe4 10. Ng5 c5 11. dxc5 Qc7 12. Qd5 Nc6 13. Qxe4 Nxe5 14. O-O-O h6 15.
Nf3 Nxf3 16. gxf3 Bf5 17. Qb4 Qc6 18. Bc4 e6 19. Be2 b6 20. Qb5 Qxb5 21. Bxb5
bxc5 22. Bd3 Bxd3 23. Rxd3 c4 24. Rd7 c3 25. b3 a5 26. Rhd1 Rfb8 27. f4 Bf8 28.
R1d3 Bb4 29. Kd1 Re8 30. Bd4 Rac8 31. Bf6 e5 32. fxe5 g5 33. h4 Bf8 34. Rg3 Bg7
35. hxg5 Bxf6 36. gxf6+ Kh8 37. f4 Rcd8 38. Rgd3 Rxd7 39. Rxd7 Kg8 40. Ke2 1-0

[Event "47th POL-ch"]
[Site "Warsaw POL"]
[Date "1990.03.??"]
[Round "3"]
[White "Nowak, Ignacy"]
[Black "Cichocki, Adam"]
[Result "1/2-1/2"]
[WhiteElo "2405"]
[BlackElo "2335"]
[PlyCount "62"]
[EventDate "1990.03.11"]

1. e4 e6 2. d4 d5 3. Nc3 Nf6 4. e5 Nfd7 5. f4 c5 6. Nf3 Nc6 7. Be3 Qb6 8. Na4
Qa5+ 9. c3 c4 10. b4 Qc7 11. Nb2 b5 12. Be2 a5 13. a3 Be7 14. O-O f6 15. g3 O-O
16. Bf2 Nb6 17. Nh4 axb4 18. axb4 Rxa1 19. Qxa1 Bd7 20. Nd1 Ra8 21. Qc1 Ra2 22.
Qe3 Ra3 23. Qd2 Qa7 24. g4 Ra2 25. Qe3 fxe5 26. fxe5 Qa4 27. g5 Qc2 28. Bg4 Na4
29. Ng2 Ra3 30. Be1 Nd8 31. Qf4 Qg6 1/2-1/2

[Event "47th POL-ch"]
[Site "Warsaw POL"]
[Date "1990.03.??"]
[Round "3"]
[White "Schmidt, Wlodzimierz"]
[Black "Gdanski, Jacek"]
[Result "1-0"]
[WhiteElo "2465"]
[BlackElo "2430"]
[PlyCount "97"]
[EventDate "1990.03.11"]

1. Nf3 c5 2. c4 Nc6 3. Nc3 g6 4. g3 Bg7 5. Bg2 e5 6. a3 Nge7 7. Rb1 a5 8. d3 d6
9. O-O O-O 10. Bd2 Be6 11. Ng5 Bg4 12. Nge4 f5 13. f3 fxe4 14. fxg4 Rxf1+ 15.
Qxf1 exd3 16. exd3 Qd7 17. Qd1 Nd4 18. b4 cxb4 19. axb4 a4 20. Be4 a3 21. Ra1
Qc7 22. Kg2 Qb6 23. b5 Qc7 24. Ra2 Kh8 25. h4 Bf8 26. h5 gxh5 27. gxh5 Ng8 28.
Nd5 Qg7 29. Bb4 Be7 30. Rxa3 Bh4 31. g4 Rf8 32. Ra2 Nh6 33. Kh3 Be7 34. Bd2 Bg5
35. Bb4 Rg8 36. Bxd6 Bd8 37. Rg2 Qg5 38. Rg3 Nf7 39. Bc5 Qh4+ 40. Kg2 Ne6 41.
Be3 Nfg5 42. Bf5 Ng7 43. Qh1 Nf3 44. Qxh4 Nxh4+ 45. Kh3 Ngxf5 46. gxf5 Nxf5 47.
Rxg8+ Kxg8 48. Kg4 Nd6 49. Bc5 1-0

[Event "47th POL-ch"]
[Site "Warsaw POL"]
[Date "1990.03.??"]
[Round "3"]
[White "Stempin, Pawel"]
[Black "Strzelecki, Krzysztof"]
[Result "1-0"]
[WhiteElo "2445"]
[BlackElo "2415"]
[PlyCount "47"]
[EventDate "1990.03.11"]

1. d4 Nf6 2. Nf3 e6 3. Bg5 h6 4. Bh4 Be7 5. Nbd2 d5 6. e3 c5 7. c3 O-O 8. Bd3
b6 9. O-O Ba6 10. Bxa6 Nxa6 11. Ne5 Qc7 12. f4 g6 13. Rf3 Kg7 14. Rg3 Ng8 15.
Ndf3 Bf6 16. Bxf6+ Nxf6 17. Nxg6 fxg6 18. Ne5 Kh7 19. Rxg6 Qb7 20. g4 Nc7 21.
g5 Ng8 22. Qg4 Rae8 23. gxh6 Ne7 24. Rg7+ 1-0

[Event "47th POL-ch"]
[Site "Warsaw POL"]
[Date "1990.03.??"]
[Round "3"]
[White "Woda, Jacek"]
[Black "Pedzich, Dominik"]
[Result "1/2-1/2"]
[WhiteElo "2390"]
[BlackElo "2405"]
[PlyCount "122"]
[EventDate "1990.03.11"]

1. e4 c5 2. Nf3 e6 3. d4 cxd4 4. Nxd4 Nf6 5. Nc3 d6 6. g3 Nc6 7. Bg2 Bd7 8. O-O
Be7 9. Nce2 a6 10. c4 Rc8 11. b3 O-O 12. Bd2 b5 13. cxb5 Nxd4 14. Nxd4 axb5 15.
Re1 Qb6 16. Bb4 Rfe8 17. Qd2 Ng4 18. Rad1 Ne5 19. Re2 h6 20. Nf3 Bc6 21. Qb2
Qb8 22. Nd4 Ba8 23. Red2 Bf8 24. Ne2 Rc6 25. Qa3 Rec8 26. h3 Rc2 27. Rxc2 Rxc2
28. Nd4 Rc8 29. Qa5 Nc6 30. Nxc6 Rxc6 31. Qa3 Bb7 32. Qb2 Rc8 33. Qe2 Qa8 34.
Bxd6 Bxd6 35. Rxd6 b4 36. Rd4 Qa3 37. Qd2 Rc3 38. Rd8+ Kh7 39. Rd7 Ba6 40. e5
Qc1+ 41. Qxc1 Rxc1+ 42. Kh2 Kg8 43. Rd6 Bf1 44. Rd8+ Kh7 45. Be4+ g6 46. Rb8
Ra1 47. Rxb4 Rxa2 48. g4 Kg7 49. Kg3 g5 50. Ra4 Rb2 51. Ra3 Be2 52. Bf3 Bd3 53.
Bc6 Bc2 54. Ba4 Bd1 55. f3 Kg6 56. f4 gxf4+ 57. Kxf4 h5 58. gxh5+ Kxh5 59. Be8
Kh4 60. Ra7 Rxb3 61. Bxf7 Rb4+ 1/2-1/2

[Event "47th POL-ch"]
[Site "Warsaw POL"]
[Date "1990.03.??"]
[Round "4"]
[White "Stempin, Pawel"]
[Black "Kuczynski, Robert"]
[Result "1/2-1/2"]
[WhiteElo "2445"]
[BlackElo "2460"]
[PlyCount "75"]
[EventDate "1990.03.11"]

1. d4 f5 2. g3 Nf6 3. Bg2 g6 4. Nh3 Bg7 5. Nf4 O-O 6. h4 Bh8 7. c3 e6 8. Nd2 d5
9. Nf3 Ne4 10. Nd3 Nc6 11. Bf4 Qe7 12. Qc1 Bf6 13. Qe3 a5 14. Nfe5 Ra6 15. g4
Nxe5 16. Nxe5 Bxe5 17. Bxe5 fxg4 18. Bxe4 dxe4 19. O-O-O h5 20. Qxe4 Kh7 21. f3
gxf3 22. exf3 Rc6 23. Rhg1 Rf5 24. f4 a4 25. Rg3 Bd7 26. Rdg1 Be8 27. d5 Rc5
28. dxe6 Qxe6 29. Rg5 Rxg5 30. Rxg5 Kg8 31. Qg2 Qc6 32. Qxc6 bxc6 33. Kd2 Kf7
34. Rg3 Rd5+ 35. Kc1 Rd7 36. c4 Ke6 37. Ra3 Kf5 38. Rg3 1/2-1/2

[Event "47th POL-ch"]
[Site "Warsaw POL"]
[Date "1990.03.??"]
[Round "4"]
[White "Bany, Jerzy"]
[Black "Dejkalo, Stefan"]
[Result "1/2-1/2"]
[WhiteElo "2450"]
[BlackElo "2410"]
[PlyCount "92"]
[EventDate "1990.03.11"]

1. d4 Nf6 2. Nf3 e6 3. c4 c5 4. e3 cxd4 5. Nxd4 Nc6 6. Be2 Bb4+ 7. Bd2 Bxd2+ 8.
Nxd2 O-O 9. N2b3 d5 10. cxd5 Nxd4 11. Qxd4 Qxd5 12. Qxd5 Nxd5 13. Bf3 Nb4 14.
O-O Nd3 15. Rab1 Ne5 16. Be4 f5 17. Bc2 Kf7 18. Rbc1 Bd7 19. Nc5 b6 20. Nxd7
Nxd7 21. Rfd1 Ke7 22. Kf1 Rac8 23. Ke2 Rc7 24. Ba4 Rxc1 25. Rxc1 Nc5 26. Bc2 a5
27. Rd1 h6 28. a3 Rc8 29. Rd4 Nb7 30. Kd2 Nd6 31. Kc1 g5 32. Kb1 Rc4 33. Rd3
Ne4 34. f3 Nc5 35. Rd2 h5 36. Re2 Rh4 37. g3 Rh3 38. f4 gxf4 39. exf4 Kf6 40.
b4 axb4 41. axb4 Ne4 42. Kb2 e5 43. Bxe4 fxe4 44. Rxe4 Rxh2+ 45. Kc3 exf4 46.
Rxf4+ Kg5 1/2-1/2

[Event "47th POL-ch"]
[Site "Warsaw POL"]
[Date "1990.03.??"]
[Round "4"]
[White "Cichocki, Adam"]
[Black "Woda, Jacek"]
[Result "1/2-1/2"]
[WhiteElo "2335"]
[BlackElo "2390"]
[PlyCount "122"]
[EventDate "1990.03.11"]

1. d4 Nf6 2. Nc3 c5 3. d5 g6 4. e4 d6 5. Nf3 Bg7 6. Be2 O-O 7. O-O e6 8. Bg5 h6
9. Bh4 g5 10. Bg3 e5 11. Nd2 Nbd7 12. a4 Qe7 13. a5 Rd8 14. a6 b6 15. Bb5 Nf8
16. Bc6 Rb8 17. Re1 Ng6 18. Nb5 h5 19. f3 Bh6 20. Nc4 Kh7 21. Bf2 g4 22. b4
gxf3 23. bxc5 bxc5 24. Qxf3 Nf4 25. Nbxd6 Rb4 26. Nxc8 Rxc8 27. Ne3 Nxe4 28.
Nf5 Qg5 29. Rxe4 Qxf5 30. Rae1 Rg8 31. Bg3 Qf6 32. Rxb4 cxb4 33. Qe4+ Rg6 34.
Qxe5 Qxe5 35. Rxe5 h4 36. Bxf4 Bxf4 37. Rh5+ Rh6 38. Rf5 Be3+ 39. Kf1 Kg7 40.
Ke2 Bc5 41. Kf3 Rf6 42. Rxf6 Kxf6 43. g3 hxg3 44. Kxg3 Bd6+ 45. Kg2 Kg5 46. h3
Kf4 47. Be8 f5 48. h4 Ke3 49. h5 Bf8 50. Kg3 f4+ 51. Kg4 f3 52. Kg3 Bd6+ 53.
Kh3 Bf8 54. Bc6 Kd2 55. Kg3 Ke3 56. Bb5 Kd4 57. Bc6 Ke3 58. Kh2 Kd2 59. Kg3 Ke3
60. Bd7 Kd4 61. Be6 Ke3 1/2-1/2

[Event "47th POL-ch"]
[Site "Warsaw POL"]
[Date "1990.03.??"]
[Round "4"]
[White "Pedzich, Dominik"]
[Black "Przewoznik, Jan"]
[Result "1-0"]
[WhiteElo "2405"]
[BlackElo "2415"]
[PlyCount "68"]
[EventDate "1990.03.11"]

1. e4 e6 2. d4 d5 3. Nc3 Nf6 4. e5 Ne4 5. Nxe4 dxe4 6. Bc4 a6 7. a4 b6 8. Nh3
Bb7 9. Nf4 Nc6 10. Be3 Ne7 11. Qg4 g6 12. O-O h5 13. Qe2 Bh6 14. Rad1 Nf5 15.
d5 Bxf4 16. Bxf4 exd5 17. Bxd5 Bxd5 18. c4 c6 19. cxd5 cxd5 20. f3 exf3 21.
Qxf3 O-O 22. Rxd5 Qe7 23. Rfd1 Rfd8 24. h3 Rac8 25. Kh1 Rxd5 26. Qxd5 h4 27.
Qb3 Qc7 28. Qf3 Qc2 29. e6 Re8 30. Be5 fxe6 31. Rd7 Qxa4 32. Qb7 Ng3+ 33. Kh2
Qe4 34. Rg7+ Kh8 1-0

[Event "47th POL-ch"]
[Site "Warsaw POL"]
[Date "1990.03.??"]
[Round "4"]
[White "Pyda, Zbigniew"]
[Black "Nowak, Ignacy"]
[Result "1/2-1/2"]
[WhiteElo "2315"]
[BlackElo "2405"]
[PlyCount "46"]
[EventDate "1990.03.11"]

1. e4 c5 2. Nf3 e6 3. Nc3 a6 4. d4 cxd4 5. Nxd4 Qc7 6. g3 Nc6 7. Bg2 Nf6 8. O-O
Be7 9. Re1 O-O 10. Nxc6 dxc6 11. e5 Rd8 12. Qf3 Nd5 13. h4 Rd7 14. Bg5 Bf8 15.
Ne4 b5 16. Rad1 Bb7 17. Rxd5 Rxd5 18. Nf6+ Kh8 19. Qe4 gxf6 20. Bxf6+ Bg7 21.
Qf4 Bxf6 22. Qxf6+ Kg8 23. Re4 Qd8 1/2-1/2

[Event "47th POL-ch"]
[Site "Warsaw POL"]
[Date "1990.03.??"]
[Round "4"]
[White "Zolnierowicz, Krzysztof"]
[Black "Schmidt, Wlodzimierz"]
[Result "1/2-1/2"]
[WhiteElo "2400"]
[BlackElo "2465"]
[PlyCount "32"]
[EventDate "1990.03.11"]

1. e4 c5 2. Nf3 e6 3. d4 cxd4 4. Nxd4 Nf6 5. Nc3 d6 6. g4 h6 7. Rg1 Be7 8. Be3
Nc6 9. Be2 a6 10. Qd2 Nxd4 11. Qxd4 e5 12. Qd3 Be6 13. O-O-O Qa5 14. h4 Bxa2
15. g5 hxg5 16. hxg5 Nd7 1/2-1/2

[Event "47th POL-ch"]
[Site "Warsaw POL"]
[Date "1990.03.??"]
[Round "5"]
[White "Nowak, Ignacy"]
[Black "Sznapik, Aleksander"]
[Result "1-0"]
[WhiteElo "2405"]
[BlackElo "2485"]
[PlyCount "81"]
[EventDate "1990.03.11"]

1. Nf3 Nf6 2. c4 g6 3. Nc3 Bg7 4. e4 d6 5. d4 O-O 6. Be2 e5 7. O-O Nc6 8. d5
Ne7 9. Nd2 a5 10. a3 Nd7 11. Rb1 f5 12. b4 Kh8 13. Qc2 Ng8 14. f3 Ngf6 15. Nb5
b6 16. exf5 gxf5 17. f4 exf4 18. Nf3 Ne5 19. Bxf4 Ng6 20. Bg5 axb4 21. axb4 Bd7
22. Bd3 h6 23. Bxf5 Bxb5 24. cxb5 Ne7 25. Bxf6 Rxf6 26. Be6 Ng6 27. g3 Ra3 28.
Qe4 Rc3 29. Rf2 Qa8 30. Rbf1 Qa3 31. Kg2 Re3 32. Qg4 Qd3 33. Ng5 Rfxe6 34. Nf7+
Kh7 35. dxe6 Qd5+ 36. Kh3 Qxb5 37. Rc1 Qd5 38. Rxc7 Rxe6 39. Ng5+ Qxg5 40. Qxe6
Qh5+ 41. Kg2 1-0